| 000 | 00560nam a2200181 i 4500 | ||
|---|---|---|---|
| 001 | 24071 | ||
| 003 | ES-MaACL | ||
| 005 | 20250730063051.0 | ||
| 007 | t| | ||
| 008 | 021213s1902 sp ||||1| spa d | ||
| 100 | 1 |
_aAmor y Naveiro, Constante, _d1862-1935 _921298 |
|
| 245 | 1 | 0 |
_aNaturaleza y origen histórico del derecho de castigar / _cConstante Amor y Naveiro. |
| 260 |
_aSantiago : _b[s.n.], _c1902 _cTipografía Galaica. |
||
| 300 |
_a53 p. ; _c21 cm. |
||
| 502 | _aTesis doctoral. | ||
| 852 |
_aES-MaACL _jT-981-F-4 |
||
| 999 |
_c24071 _d24071 |
||